LEADER 00919nam a2200241 i 4500 001 991001671329707536 008 s2002 it 000 0 ita d 035 $ab13408823-39ule_inst 040 $aDip. SSC$bita 082 0 $a363.17 100 1 $aBianchi, Claudio$0545231 245 10$a[Amianto :$bun secolo di sperimentazione sull'uomo /$cClaudio Bianchi, Tommaso Bianchi] 260 $aTrieste :$bHammerle,$c2002 300 $a102 p. :$bill. ;$c30 cm 500 $aTit dalla cop. 650 4$aAmianto$xEffetti dannosi 700 1 $aBianchi, Tommaso$eauthor$4http://id.loc.gov/vocabulary/relators/aut$0738256 907 $a.b13408823$b21-09-06$c08-06-06 912 $a991001671329707536 945 $aLE021 SOC25B72$g1$i2021000117503$lle021$nCorliaṇ$o-$pE0.00$q-$rl$s- $t0$u0$v0$w0$x0$y.i14248517$z08-06-06 996 $aAmianto$91462160 997 $aUNISALENTO 998 $ale021$b - - $cm$d- $e-$fita$git $h0$i0